| 000 | 00362nam a2200109Ia 4500 | ||
|---|---|---|---|
| 008 | 171204s9999 xx 000 0 und d | ||
| 245 | _aInteractive Multimodal Information Management: | ||
| 245 | _cAndrei Popescu-Belis, Collectif, and Hervé Bourla | ||
| 260 | _c2014 | ||
| 650 | _xINFORMATION MANAGEMENT | ||
| 856 | _uhttp://down.ebook777.com/006/IntMulInfMan.pdf | ||
| 999 |
_c347014 _d347014 |
||